Statistics for 警視庁の警察署

Click here to take the quiz!

General Stats

  • This quiz has been taken 263 times
  • The average score is 56 of 102

Answer Stats

Answer% Correct
新宿
97%
渋谷
90%
池袋
89%
品川
89%
目黒
86%
八王子
86%
上野
85%
立川
82%
練馬
81%
板橋
81%
蒲田
80%
三鷹
80%
府中
78%
赤羽
78%
中野
78%
世田谷
77%
調布
76%
浅草
75%
大森
73%
町田
73%
千住
73%
代々木
72%
神田
72%
大塚
71%
武蔵野
71%
巣鴨
70%
赤坂
70%
葛飾
69%
青梅
69%
駒込
68%
大崎
68%
小金井
68%
東村山
66%
昭島
66%
大島
65%
荒川
65%
日野
65%
荻窪
64%
亀有
64%
葛西
64%
大井
64%
小岩
62%
目白
62%
杉並
62%
王子
62%
原宿
61%
四谷
61%
小平
60%
田無
59%
高尾
57%
高輪
56%
福生
55%
麹町
55%
綾瀬
54%
小笠原
54%
麻布
54%
丸の内
52%
東大和
50%
三田
50%
築地
50%
石神井
49%
北沢
47%
玉川
47%
八丈島
46%
成城
46%
深川
45%
万世橋
45%
月島
44%
中央
43%
五日市
43%
東京湾岸
41%
高島平
41%
西新井
41%
田園調布
41%
高井戸
39%
牛込
38%
荏原
35%
志村
34%
本所
34%
池上
33%
愛宕
32%
滝野川
32%
三宅島
32%
新島
31%
尾久
31%
小松川
30%
碑文谷
29%
野方
29%
光が丘
28%
多摩中央
28%
南大沢
28%
竹の塚
27%
戸塚
27%
本富士
27%
向島
27%
蔵前
26%
久松
26%
城東
26%
下谷
24%
東京空港
24%
南千住
23%
富坂
21%

Score Distribution

Percentile by Number Answered

Percent of People with Each Score

Your Score History

You have not taken this quiz